[Event "Penang op 15th"]
[Site "Penang"]
[Date "2023.12.20"]
[Round "5"]
[White "Muraley, Rittesh"]
[Black "Loo, Pin Xie"]
[Result "0-1"]
[WhiteElo "1612"]
[BlackElo "2043"]
[PlyCount "68"]
[EventDate "2023.12.18"]
[EventType "swiss"]
[EventRounds "9"]
[EventCountry "MAS"]
[SourceTitle "CB52_2023"]
[SourceDate "2023.12.27"]
[SourceVersion "1"]
[SourceVersionDate "2023.12.27"]
[SourceQuality "1"]

1. d4 f5 2. Nf3 Nf6 3. Bf4 b6 4. e3 Bb7 5. c4 e6 6. Nc3 Bb4 7. Be2 Ne4 8. Qb3 Nc6 9. h4 Bxc3+ 10. bxc3 Na5 11. Qc2 h6 12. Ne5 0-0 13. Rd1 Ba6 14. g4 d6 15. Ng6 Rf6 16. h5 Bxc4 17. Bxc4 Nxc4 18. gxf5 exf5 19. Rg1 Kh7 20. Nh4 Qd7 21. f3 Ng5 22. Qe2 Qa4 23. Bxg5 hxg5 24. Rxg5 Nxe3 25. Rd3 Re6 26. Rxe3 Rxe3 27. Rxg7+ Kxg7 28. Nxf5+ Kf8 29. Nxe3 Re8 30. Kf2 Qa5 31. Qc4 Qxh5 32. d5 Qe5 33. Ng4 Qe1+ 34. Kg2 Re2+ 0-1

[Event "Penang op 15th"]
[Site "Penang"]
[Date "2023.12.18"]
[Round "2"]
[White "Gunawan, Ronny"]
[Black "Muraley, Rittesh"]
[Result "0-1"]
[WhiteElo "2234"]
[BlackElo "1612"]
[PlyCount "86"]
[EventDate "2023.12.18"]
[EventType "swiss"]
[EventRounds "9"]
[EventCountry "MAS"]
[SourceTitle "CB52_2023"]
[SourceDate "2023.12.27"]
[SourceVersion "1"]
[SourceVersionDate "2023.12.27"]
[SourceQuality "1"]

1. d4 Nf6 2. c4 c5 3. d5 b5 4. Qc2 d6 5. e4 g6 6. Nf3 Bg7 7. h3 0-0 8. Bf4 Nxe4 9. cxb5 Nf6 10. Nc3 a6 11. bxa6 Bxa6 12. Bxa6 Nxa6 13. 0-0 Qa5 14. Rfe1 Ra7 15. Re2 Re8 16. Rae1 Nb4 17. Qd2 Qa6 18. Re3 Nxa2 19. Ra1 Qc4 20. g3 Nxc3 21. Rxa7 Ncxd5 22. Rea3 Ne4 23. Qe1 Nxf4 24. gxf4 Qd5 25. Qe2 Bh6 26. Rd3 Qf5 27. Re3 d5 28. Ng5 Bxg5 29. fxg5 Qxg5+ 30. Kh1 Rb8 31. Ra1 Qf6 32. Rb1 Nxf2+ 33. Kg2 Ne4 34. Rf3 Qg5+ 35. Kh2 Qe5+ 36. Kg2 Rb6 37. b3 Qg5+ 38. Kh2 Qe5+ 39. Kg2 Rf6 40. Rxf6 Qg3+ 41. Kf1 exf6 42. Qd1 Qxh3+ 43. Kg1 Qg3+ 0-1

[Event "Penang op 15th"]
[Site "Penang"]
[Date "2023.12.18"]
[Round "1"]
[White "Muraley, Rittesh"]
[Black "Zia, Tahsin Tajwar"]
[Result "1/2-1/2"]
[WhiteElo "1612"]
[BlackElo "2303"]
[PlyCount "96"]
[EventDate "2023.12.18"]
[EventType "swiss"]
[EventRounds "9"]
[EventCountry "MAS"]
[SourceTitle "CB52_2023"]
[SourceDate "2023.12.27"]
[SourceVersion "1"]
[SourceVersionDate "2023.12.27"]
[SourceQuality "1"]

1. d4 Nf6 2. Nf3 e6 3. Bg5 c5 4. c3 h6 5. Bxf6 Qxf6 6. e3 Nc6 7. Nbd2 d5 8. Be2 Bd6 9. Rc1 0-0 10. 0-0 Rd8 11. a4 e5 12. dxe5 Nxe5 13. Nxe5 Qxe5 14. Nf3 Qf6 15. Qc2 Bf5 16. Bd3 Bg4 17. Be2 Rac8 18. Rfd1 Bb8 19. Nd4 Bd7 20. Nf3 Bc6 21. Bb5 a6 22. Bxc6 Qxc6 23. b3 b5 24. axb5 axb5 25. Qe2 Rd6 26. g3 Rf6 27. Ne1 Re8 28. b4 c4 29. Nc2 Qd7 30. Nd4 Re4 31. Rd2 Qh3 32. Qf1 Qd7 33. Qe2 Ba7 34. Rcd1 Kh7 35. Nc2 Rf5 36. Nd4 Rfe5 37. Qf3 Qe8 38. Nf5 Qe6 39. Nd4 Qd7 40. Kh1 f6 41. Ne2 Qe6 42. Nf4 Qf5 43. Rxd5 Bb8 44. Qg2 Rxd5 45. Rxd5 Re5 46. Rxe5 fxe5 47. e4 Qf6 48. Nd5 Qg5 1/2-1/2